000 00537nam a22001937a 4500
003 KOHA_MİRAKIL
005 20251124075700.0
008 251124b tu ||||| |||| 00| 0 tur d
020 _a9789750530487
040 _aTR-AnABB
_btur
_cTR-AnABB
041 _atur
082 _a813.42
_bSEN 2021
100 1 _aŞenkon, Attila,
245 1 0 _aHoş bulduk hayat /
_cAttila Şenkon
260 _aİstanbul :
_bİletişim Yayınları,
_c2021
300 _a147 sayfa ;
_c21 cm
650 0 4 _aTürk edebiyatı, roman
942 _2ddc
_cBK
999 _c9580
_d9580
900 _bGizem YORULMAZ